000 00623nam a2200277Ia 4500
008 160321s9999||||xx |||||||||||||| ||und||
040 _cEnglish
082 _aXIC/Shah
082 _bBORI-82183
100 _aNagin Shah
245 _aIndian Philosophy
260 _aAhmedabad
260 _bJagruti Sheth
300 _a152
300 _cB
300 _eHardbound
530 _u00060807.pdf
563 _aStudy
600 _aNagin Shah
630 _aIndian Philosophy
650 _aGeneral Indology
650 _aPhilosophy
700 _aNagin Shah
730 _aIndian Philosophy
942 _cBOOK
999 _c1370579
_d1370576